000 00632nam a22002057a 4500
005 20251108172341.0
008 250721s1986 xx 000 0 ara d
082 1 4 _a916.2/فول
100 1 _aفولكف، ارولج
245 1 0 _aالقاهرة :
_bمدنية الف ليلة و ليلة 1969- /
264 1 _aالقاهرة :
_bالهئية المصرية العامة،
_c1986.
300 _a159ص.
490 0 _aالف كتاب الثاني ؛12
650 1 7 _aالرحلات
650 1 7 _aالوصف
650 1 7 _aالقاهرة
700 1 _aصليحه، أحمد
_eترجمة
942 _2ddc
_cBK
999 _c76943
_d76943